| 000 | 00878nam a22002057a 4500 | ||
|---|---|---|---|
| 999 |
_c11839 _d11839 |
||
| 003 | AR-CdUCM | ||
| 008 | 190405b ||||| |||| 00| 0 spa d | ||
| 040 |
_aMUNICIPALIDAD PROVINCIAL DEL CUSCO _cBIBLIOTECA MUNICIPAL DEL CUSCO |
||
| 082 |
_a330 / _bC82 / 1874 |
||
| 100 |
_aSeneuil, Gourcelle _929407 |
||
| 245 | _aTratado sumario de economía política / | ||
| 260 |
_aParis : _bLibreia de A. Bouret é hijo. _c1874. |
||
| 300 |
_a285 paginas ; _c15 cm. |
||
| 505 | _aContenido : De la formación de las riquezas -- Descripción analítica de la potencia industrial -- De los movimientos de la población en sus relaciones con la riqueza -- De la aprobación de las riquezas -- Del cambio... | ||
| 650 |
_aCosto de producción _929408 |
||
| 650 |
_aFunciones individuales _929409 |
||
| 650 |
_aEconomía política _91408 |
||
| 942 |
_2ddc _cLIBROS |
||
| 945 |
_awnts _d2019-04-05 |
||